"As You Like it": The Idolatry of Micah and the Danites (Judges 17-18)

Saved in:  
Bibliographic Details
Main Author: Wilson, Michael K. (Author)
Format: Print Article
Language:English
Check availability: HBZ Gateway
Interlibrary Loan:Interlibrary Loan for the Fachinformationsdienste (Specialized Information Services in Germany)
Published: 1995
In: Reformed theological review
Year: 1995, Volume: 54, Issue: 2, Pages: 73-85
Standardized Subjects / Keyword chains:B Micah Biblical character 750 BC/700
B Bible. Judge 17-18
IxTheo Classification:HB Old Testament

MARC

LEADER 00000caa a22000002c 4500
001 1635790093
003 DE-627
005 20220616105007.0
007 tu
008 160405s1995 xx ||||| 00| ||eng c
035 |a (DE-627)1635790093 
035 |a (DE-576)464086671 
035 |a (DE-599)BSZ464086671 
040 |a DE-627  |b ger  |c DE-627  |e rakwb 
041 |a eng 
084 |a 1  |2 ssgn 
100 1 |a Wilson, Michael K.  |4 aut 
245 1 0 |a "As You Like it"  |b The Idolatry of Micah and the Danites (Judges 17-18) 
264 1 |c 1995 
336 |a Text  |b txt  |2 rdacontent 
337 |a ohne Hilfsmittel zu benutzen  |b n  |2 rdamedia 
338 |a Band  |b nc  |2 rdacarrier 
652 |a HB 
689 0 0 |d p  |0 (DE-588)118641085  |0 (DE-627)079427650  |0 (DE-576)168202085  |2 gnd  |a Micha  |d v750/700 
689 0 |5 (DE-627) 
689 1 0 |d u  |0 (DE-588)4486716-5  |0 (DE-627)239928547  |0 (DE-576)212936735  |a Bibel  |2 gnd  |p Richter  |n 17-18 
689 1 |5 (DE-627) 
773 0 8 |i In  |t Reformed theological review  |d Melbourne, 1942  |g 54(1995), 2, Seite 73-85  |w (DE-627)166749877  |w (DE-600)300685-2  |w (DE-576)015182711  |x 0034-3072  |7 nnas 
773 1 8 |g volume:54  |g year:1995  |g number:2  |g pages:73-85 
935 |a mteo 
951 |a AR 
BIB |a 1 
BIR |a 34017000_34018999  |b biblesearch 
ELC |b 1 
ITA |a 1  |t 1 
LOK |0 000 xxxxxcx a22 zn 4500 
LOK |0 001 3292512875 
LOK |0 003 DE-627 
LOK |0 004 1635790093 
LOK |0 005 20160405110317 
LOK |0 008 160404||||||||||||||||ger||||||| 
LOK |0 040   |a DE-Tue135  |c DE-627  |d DE-Tue135 
LOK |0 092   |o n 
LOK |0 852   |a DE-Tue135 
LOK |0 852 1  |9 00 
LOK |0 935   |a ixzs  |a ixmi 
LOK |0 936ln  |0 1442044128  |a HB 
LOK |0 939   |a 04-04-16  |b l01 
ORI |a SA-MARC-ixtheoa001.raw 
SUB |a BIB 
SYG 0 0 |a Micha,Prophet,v750/700,Michaeas,v750/700,Michas,v750/700,Micha,von Moreseth-Gath,v750/700,Michée,v750/700,Micha,Propheta,v750/700,Mîḵāyhû,Propheta,v750/700,Michaeas,Propheta,v750/700